Statistics for European Cities With Largest Population That Begin With E,U,R,O,P,

Click here to take the quiz!

General Stats

  • This quiz has been taken 49 times
  • The average score is 4 of 5

Answer Stats

Letter(Pop)Answer% Correct
P(2.2mill)Paris
98%
R(2.8mill)Rome
87%
O(638000)Oslo
68%
E(582000)Essen
57%
U(343000)Utrecht
40%

Score Distribution

Percentile by Number Answered

Percent of People with Each Score

Your Score History

You have not taken this quiz